University Home | Library Home | Institutional Repository

Biotechnology for beginners/ (Record no. 118572)

MARC details
000 -LEADER
fixed length control field 00697cam a2200205 4500
008 - FIXED-LENGTH DATA ELEMENTS--GENERAL INFORMATION
fixed length control field 130412n 000 0 eng u
020 ## - INTERNATIONAL STANDARD BOOK NUMBER
International Standard Book Number 9780123735812
035 ## - SYSTEM CONTROL NUMBER
System control number (Sirsi) a178662
050 ## - LIBRARY OF CONGRESS CALL NUMBER
Classification number TP 248.2 REN 2006
100 ## - MAIN ENTRY--PERSONAL NAME
Personal name Renneberg, Reinhard
245 ## - TITLE STATEMENT
Title Biotechnology for beginners/
Remainder of title Reinhard Renneberg ; Foreword byTom A Rapoport ; edited by Arnold L Demain
250 ## - EDITION STATEMENT
Edition statement 2nd ed.
260 ## - PUBLICATION, DISTRIBUTION, ETC.
Place of publication, distribution, etc. Munchen, Germany :
Name of publisher, distributor, etc. Elseveir,
Date of publication, distribution, etc. 2006.
300 ## - PHYSICAL DESCRIPTION
Extent xix, 323 p. :
Other physical details ill.
500 ## - GENERAL NOTE
General note This book is about biotechnology
504 ## - BIBLIOGRAPHY, ETC. NOTE
Bibliography, etc. note Includes bibliographic references p333,index and credits
650 ## - SUBJECT ADDED ENTRY--TOPICAL TERM
Topical term or geographic name entry element Biotechnology
700 ## - ADDED ENTRY--PERSONAL NAME
Personal name Rapoport, Tom A.
710 ## - ADDED ENTRY--CORPORATE NAME
Corporate name or jurisdiction name as entry element Demain, Arnold L
Holdings
Withdrawn status Lost status Source of classification or shelving scheme Damaged status Not for loan Home library Current library Shelving location Cost, normal purchase price Total Checkouts Full call number Barcode Date last seen Copy number Price effective from Koha item type
    Library of Congress Classification     Main Library Main Library On Shelf 0.00   TP 248.2 REN 2006 33729004898651 08/21/2019 1 08/21/2019 Book
© 2026 - The University of Zambia Library - Koha v25.11